| 000 -LEADER |
| fixed length control field |
00503nam a22001577a 4500 |
| 020 ## - INTERNATIONAL STANDARD BOOK NUMBER |
| International Standard Book Number |
9788181112415 |
| 082 ## - DEWEY DECIMAL CLASSIFICATION NUMBER |
| Classification number |
H1 |
| Item number |
HAR/G |
| 100 ## - MAIN ENTRY--PERSONAL NAME |
| Personal name |
Harpalsingh 'Arush' |
| 9 (RLIN) |
46750 |
| 245 ## - TITLE STATEMENT |
| Title |
Gaav phir bi jinda hei/ |
| Statement of responsibility, etc. |
by Harpalsingh 'Arush' |
| 260 ## - PUBLICATION, DISTRIBUTION, ETC. |
| Place of publication, distribution, etc. |
Madhura: |
| Name of publisher, distributor, etc. |
Jawahar Pusthakalay, |
| Date of publication, distribution, etc. |
2013. |
| 300 ## - PHYSICAL DESCRIPTION |
| Extent |
96p. |
| 650 ## - SUBJECT ADDED ENTRY--TOPICAL TERM |
| Topical term or geographic name entry element |
Poetry Hindi |
| 9 (RLIN) |
46751 |
| 650 ## - SUBJECT ADDED ENTRY--TOPICAL TERM |
| Topical term or geographic name entry element |
Literature Hindi |
| 9 (RLIN) |
46752 |
| 650 ## - SUBJECT ADDED ENTRY--TOPICAL TERM |
| Topical term or geographic name entry element |
Literature |
| 9 (RLIN) |
46753 |
| 942 ## - ADDED ENTRY ELEMENTS (KOHA) |
| Koha item type |
Book |